Teach yourself access 97 for windows / (Record no. 11826)

MARC details
000 -LEADER
fixed length control field 00725nam a2200253 a 4500
001 - CONTROL NUMBER
control field 00003616
008 - FIXED-LENGTH DATA ELEMENTS--GENERAL INFORMATION
fixed length control field 110328s1997 ii a g 000 0 eng d
020 ## - INTERNATIONAL STANDARD BOOK NUMBER
ISBN 8170298660 :
Terms of availability Rs.180.00
040 ## - CATALOGING SOURCE
Original cataloging agency BD-DhIUB
Transcribing agency BD-DhIUB
082 04 - DEWEY DECIMAL CLASSIFICATION NUMBER
Classification number 005.757A
Edition number 19
100 1# - MAIN ENTRY--PERSONAL NAME
Personal name Siegel, Charles
245 00 - TITLE STATEMENT
Title Teach yourself access 97 for windows /
Statement of responsibility, etc Charles Siegel
250 ## - EDITION STATEMENT
Edition statement 1st ed.
260 ## - PUBLICATION, DISTRIBUTION, ETC. (IMPRINT)
Place of publication, distribution, etc New Delhi :
Name of publisher, distributor, etc B. P. B. Publications,
Date of publication, distribution, etc 1997.
300 ## - PHYSICAL DESCRIPTION
Extent xiv, 482 p. :
Other physical details ill. ;
Dimensions 24 cm.
520 0# - SUMMARY, ETC.
Summary, etc Computer Science
556 ## - INFORMATION ABOUT DOCUMENTATION NOTE
Information about documentation note 1997-09-29
526 ## - STUDY PROGRAM INFORMATION NOTE
Department Computer Science and Engineering
650 17 - SUBJECT ADDED ENTRY--TOPICAL TERM
Topical term or geographic name as entry element Data processing
Source of heading or term Spines
650 17 - SUBJECT ADDED ENTRY--TOPICAL TERM
Topical term or geographic name as entry element Programing
Source of heading or term Spines
650 17 - SUBJECT ADDED ENTRY--TOPICAL TERM
Topical term or geographic name as entry element Data base
Source of heading or term Spines
653 00 - INDEX TERM--UNCONTROLLED
Uncontrolled term Access 97
Holdings
Withdrawn status Lost status Source of classification or shelving scheme Damaged status Not for loan Home library Current library Shelving location Date acquired Cost, normal purchase price Full call number Barcode Date last seen Copy number Price effective from Koha item type
Withdrawn by 65th FC Meeting (2015) LOST Dewey Decimal Classification     Library, Independent University, Bangladesh (IUB) Library, Independent University, Bangladesh (IUB) General Stacks 21/04/2011 0.00 005.757A S571a 006000 18/05/2011 1 18/05/2011 Books